00749 a2200181 45000010006000000050017000060080041000230030015000640400040000790800055001192450086001740200022002602640042002823000018003245050196003420410008005381000021005466051120260407155856.0260407a2009 arg spa dAR-UNSa-BCEJYS aAR-UNSa-BCEJYSbspacAR-UNSa-BCEJYS a658.012.45xComunicaciones internas, información10aCómo dar feedbackpSoluciones prácticas para los desafìos del día a día a978-956-8827-09-0 1aChile :bImpact Media Comercialc2009 a78 p.c19 cm. a1. ¿Qué es el feedback? - 2. Cuándo dar feedback – 3. Cómo dar feedback eficazmente – 4. Cómo recibir feedback abiertamente – 5. Cómo manejar los problemas del feedback –  aspa1 aHarris, Jaime O.